000 00279nam a22001337a 4500
008 180918b xxu||||| |||| 00| 0 eng d
020 _a9780077354763
041 _aeng
080 _a541
100 _a12
101 _aKIM
245 _aChemistry
_cBurdge.J
942 _2udc
_cBK
999 _c47960
_d47960